00983naa#a2200205#i#4500001001600000005001700016011001400033100004100047101000800088102000700096200023800103210008300341215001000424608004500434675011000479686005800589700005800647700005200705856002000757RU\\bibl\12165620260630052551.2##a2077-7566##a20260629b2026####ek#y0rusy0150####ca0#aRUS##aRU1#aСТОМАТОЛОГИЧЕСКИЙ СТАТУС У ПАЦИЕНТОВ С ХРОНИЧЕСКОЙ СЕРДЕЧНОЙ НЕДОСТАТОЧНОСТЬЮ ПРИ ДЕНТАЛЬНОЙ ИМПЛАНТАЦИИeЖурнальная статья1#aЕкатеринбургcИздательский Дом «ТИРАЖ»d2026##a7 с.##aЖурнальная статья2local##aСтоматология. Заболевания ротовой полости и зубов. 616.31zRUS##aКлиническая медицина. 76.292grnti#1aРемизоваgАнна Александровна#1aКесаеваgГалина Айтеговна4#adental-press.ru